Engineering maintenance : A modern approach
Đã lưu trong:
| Hovedforfatter: | |
|---|---|
| Format: | Bog |
| Sprog: | Undetermined |
| Udgivet: |
New York
CRC Press
2002
|
| Fag: | |
| Tags: |
Tilføj Tag
Ingen Tags, Vær først til at tagge denne postø!
|
| Thư viện lưu trữ: | Trung tâm Học liệu Trường Đại học Cần Thơ |
|---|
| LEADER | 00548nam a2200217Ia 4500 | ||
|---|---|---|---|
| 001 | CTU_75078 | ||
| 008 | 210402s9999 xx 000 0 und d | ||
| 020 | |b 1574000 | ||
| 082 | |a 658.2 | ||
| 082 | |b D534 | ||
| 100 | |a Dhillon, B. S. | ||
| 245 | 0 | |a Engineering maintenance : | |
| 245 | 2 | |b A modern approach | |
| 245 | 0 | |c B. S. Dhillon | |
| 260 | |a New York | ||
| 260 | |b CRC Press | ||
| 260 | |c 2002 | ||
| 650 | |a Plant maintenance | ||
| 650 | |x Management | ||
| 904 | |i Truc,Hải | ||
| 980 | |a Trung tâm Học liệu Trường Đại học Cần Thơ | ||